00281nam a2200121Ia 4500008004100000100001400041245003600055260002300091300000900114650001400123942000700137999001500144190216s9999||||xx |||||||||||||| ||und|| aHaniw M W 0a25 Point Socio Economic Program bS Chand & Coc1977 a148p aEconomics cBK c9601d9601